Ovinas - Statistiques

Statistiques générales
  • Ce quiz a été pris 28 fois
    19 depuis la dernière actualisation
  • Le résultat moyen est 4 sur 15
Statistiques - réponses
Par images Réponse % Correct
Alcarrena
100%
Canario de pelo
100%
Churra Tensina
100%
Ojalada
100%
Rasa Aragonesa
100%
Xalda
100%
Mallorquina
50%
Alcarrena
0%
Ansotana
0%
Ansotana
0%
Ansotana
0%
Aranesa
0%
Aranesa
0%
Assaf
0%
Assaf
0%
Berrichon du cher
0%
Berrichon du cher
0%
Canaria
0%
Canaria
0%
Canaria
0%
Canario de pelo
0%
Canario de pelo
0%
Carranzana
0%
Carranzana
0%
Carranzana
0%
Cartera
0%
Cartera
0%
Cartera
0%
Castellana
0%
Castellana
0%
Castellana
0%
Chamarita
0%
Chamarita
0%
Charmoise
0%
Charmoise
0%
Churra
0%
Churra
0%
Churra
0%
Churra Lebrijana
0%
Churra Lebrijana
0%
Churra Lebrijana
0%
Churra Lebrijana
0%
Churra Tensina
0%
Colmenareña
0%
Colmenareña
0%
Fleischschaf
0%
Fleischschaf
0%
Gallega
0%
Gallega
0%
Gallega
0%
Gallega
0%
Guirra
0%
Guirra
0%
Ibicenca
0%
Ibicenca
0%
Ibicenca
0%
Ille de France
0%
Ille de France
0%
Lacaune
0%
Lacaune
0%
Lacha
0%
Lacha
0%
Lacha
0%
Lacha
0%
Landschaff
0%
Landschaff
0%
Lojeña
0%
Lojeña
0%
Lojeña
0%
Maellana
0%
Maellana
0%
Mallorquina
0%
Manchega
0%
Manchega
0%
Manchega
0%
Manchega
0%
Menorquina
0%
Menorquina
0%
Merina
0%
Merina
0%
Merina
0%
Merina
0%
Merina
0%
Merina
0%
Merina de Grazalema
0%
Merina de Grazalema
0%
Merina de Grazalema
0%
Merina de Grazalema
0%
Merina de Grazalema
0%
Merino australiano
0%
Merino australiano
0%
Merino de Ramboullet
0%
Merino de Ramboullet
0%
Montesina
0%
Montesina
0%
Montesina
0%
Navarra
0%
Navarra
0%
Ojalada
0%
Ojalada
0%
Ojinegra de Teruel
0%
Ojinegra de Teruel
0%
Ojinegra de Teruel
0%
Palmera
0%
Palmera
0%
Rasa Aragonesa
0%
Ripollesa
0%
Ripollesa
0%
Roja mallorquina
0%
Roja mallorquina
0%
Roya Bilbilitana
0%
Roya Bilbilitana
0%
Rubia del molar
0%
Rubia del molar
0%
Salz
0%
Sasi ardi
0%
Sasi ardi
0%
Segureña
0%
Segureña
0%
Segureña
0%
Talaverana
0%
Talaverana
0%
Xalda
0%
Xisqueta
0%
Xisqueta
0%
Aucun quiz correspondant
Distribution des résultats
% des personnes avec chaque résultat
Percentile par nombre de réponses
Votre historique - résultats
Vous n’avez pas pris ce quiz depuis la dernière actualisation